000 00584nam a2200205 i 4500
001 44874
003 ES-MaACL
005 20240430132827.0
007 t|
008 030324s1971 sp ||||1| spa d
100 1 _aClotas, Salvador.
_939295
245 1 0 _a30 años de literatura /
_cSalvador Clotas, Pere Gimferrer.
250 _a[1ª ed.].
260 _aBarcelona :
_bKairós,
_c[1971]
300 _a109 p. ;
_c17 cm.
700 0 _aGimferrer, Pere,
_d1945-
_957102
740 0 _aTreinta años de literatura.
852 _aES-MaACL
_jC-43932
_bR.77326
999 _c44874
_d44874